[Event "Moscow op-B"]
[Site "Moscow"]
[Date "2009.02.01"]
[Round "3"]
[White "Alieva, Nurlana"]
[Black "Voronkov, Leonid"]
[Result "0-1"]
[WhiteElo "1874"]
[BlackElo "2109"]
[PlyCount "44"]
[EventDate "2009.01.31"]
[EventType "swiss"]
[EventRounds "9"]
[EventCountry "RUS"]
[SourceTitle "EXT 2012"]
[Source "ChessBase"]
[SourceDate "2011.11.24"]
[SourceVersion "1"]
[SourceVersionDate "2011.11.24"]
[SourceQuality "1"]

1. e4 e6 2. Nc3 d5 3. Nf3 d4 4. Ne2 Nc6 5. Ng3 e5 6. Bb5 Bd6 7. d3 Nge7 8. 0-0 h5 9. Nh4 Bg4 10. f3 Be6 11. f4 exf4 12. Bxf4 Bxf4 13. Rxf4 g5 14. Rf2 gxh4 15. Nxh5 Qd6 16. Nf6+ Kd8 17. c3 Ne5 18. Rc1 c6 19. Ba4 Ng8 20. Nxg8 Ng4 21. Rf3 Qxh2+ 22. Kf1 Qh1+ 0-1